Catálogo
 En Linea

El Señor de los Anillos / (Registro nro. 23153)

Detalles MARC
000 -CABECERA
campo de control de longitud fija 00760nam a2200229 u 4500
001 - NÚMERO DE CONTROL
campo de control 000023657
005 - FECHA Y HORA DE LA ÚLTIMA TRANSACCIÓN
campo de control 20200930022357.0
008 - DATOS DE LONGITUD FIJA--INFORMACIÓN GENERAL
campo de control de longitud fija 101216s2001 sp r 000 j spa d
040 ## - FUENTE DE LA CATALOGACIÓN
Centro catalogador/agencia de origen DO-SdBNP
Lengua de catalogación spa
Centro/agencia transcriptor BNPHU
041 ## - CÓDIGO DE LENGUA
Código de lengua del texto/banda sonora o título independiente eng
Código de lengua original spa
Fuente del código Código de idioma MARC
082 ## - NÚMERO DE LA CLASIFICACIÓN DECIMAL DEWEY
Número de clasificación xxx
Número de documento/Ítem T649s
049 ## - FONDOS LOCALES (OCLC)
Fondos de biblioteca BNGR
100 1# - ENTRADA PRINCIPAL--NOMBRE DE PERSONA
Nombre de persona Tolkien, J.R.R.
9 (RLIN) 48739
240 10 - TÍTULO UNIFORME
Título uniforme The Lord of the Rings
Lenguaje de la obra español
245 13 - MENCIÓN DE TÍTULO
Título El Señor de los Anillos /
Mención de responsabilidad, etc. J.R.R. Tolkien ; traducción de Matilde Horne y Luis Doménech.
260 ## - PUBLICACIÓN, DISTRIBUCIÓN, ETC.
Lugar de publicación, distribución, etc. Barcelona :
Nombre del editor, distribuidor, etc. Minotauro,
Fecha de publicación, distribución, etc. 2001.
300 ## - DESCRIPCIÓN FÍSICA
Extensión 3 v. ;
Dimensiones 18 cm.
500 ## - NOTA GENERAL
Nota general La biblioteca posee el volumen 3
534 ## - NOTA SOBRE LA VERSIÓN ORIGINAL
Encabezamiento principal del original Título original :
Mención de título del original The Lord of the Rings
700 1# - PUNTO DE ACCESO ADICIONAL--NOMBRE DE PERSONA
Nombre de persona Horne, Matilde
Término indicativo de función/relación tr.
9 (RLIN) 48740
700 1# - PUNTO DE ACCESO ADICIONAL--NOMBRE DE PERSONA
Nombre de persona Doménech, Luis
Término indicativo de función/relación tr.
9 (RLIN) 48741
Existencias
Estado de retiro Estado de pérdida Restricciones de uso No para préstamo Código de colección Localización permanente Ubicación/localización actual Ubicación en estantería Fecha de adquisición Número de inventario Total de préstamos Signatura topográfica completa Código de barras Fecha visto por última vez Precio válido a partir de Tipo de ítem Koha
      Excluido de préstamo Monografías: Libros y Folletos General General En catalogación 16.12.2010 LF1   xxx T649s 23657-10 25.06.2020 25.06.2020 No se presta

Con tecnología Koha